Люди з інвалідністю хочуть бути такими , як всі: І цьому їм допомагає обл. від-ня Фонду соц. захисту інвалідів (Запис № 302162)

МАРК-запис
000 -Лідер
fixed length control field 00807nam a22001817a 4500
003 - Ідентифікатор контрольного номера
control field UA-OsUOA
001 - Контрольний номер
control field 15997
007 - Фіксоване поле фізичного опису
fixed length control field ta
008 - Елементи даних фіксованої довжини – загальна інформація
fixed length control field 20031215b un ||||| |||| 00| 0 ukr d
040 ## - Джерело каталогізації
Агенція оригінальної каталогізації UA-OsUOA
Агенція, яка здійснювала перезапис UA-OsUOA
Агенція, яка здійснювала модифікацію UA-OsUOA
100 ## - Основне введення – ім’я особи
Ім’я особи (НП) Бєлан О.
245 ## - Відомості про назву
Назва (НП) Люди з інвалідністю хочуть бути такими , як всі: І цьому їм допомагає обл. від-ня Фонду соц. захисту інвалідів
Решта назви (НП) [Розповідь керуючого обл. від-ням Фонду соц. захисту інвалідів О.Бєлан]
Дані про відповідальність (НП) О. Бєлан; О. Бєлаш
300 ## - Фізичний опис
Обсяг С.3
650 #7 - Додаткове предметне введення – тематичний термін
Тематичний термін чи географічна назва, як елемент введення (НП) Краєзнавча робота
Джерело заголовка чи терміна UDC
773 0# - Введення хост-одиниці (П)
Контрольний номер запису (П) 0
Назва (НП) Вільне слово
Місце, видавець та дата видання (НП) Рівне
-- 2003
Інформація про взаємозв’язок (П) №96/3 груд./
942 ## - Додаткові елементи входу (Коха)
Тип елемента Koha Стаття періодики
955 ## - Код типу видання за змістом
Код типу видання за змістом (НП) інше

Немає доступних примірників.